| 000 | 00438nam a2200157Ia 4500 | ||
|---|---|---|---|
| 008 | 210716s2002 xx 000 0 und d | ||
| 020 | _a9788173717345 | ||
| 041 | _aeng | ||
| 082 | _a003.55 RAOV | ||
| 100 | _aRao, V Sree Hari. | ||
| 245 |
_aInformation technology: for real world problems. _bfor real world problems. |
||
| 250 | _a1 | ||
| 260 |
_aHyderabad _bUniversities Press _c2002 |
||
| 300 | _ax,287 | ||
| 700 | _aRaov, Sree Hari. | ||
| 999 |
_c192072 _d192072 |
||